000 00516pab a2200193 454500
008 180718b2013 xxu||||| |||| 00| 0 eng d
100 _aYilmaz, Serdar
245 _aLocal government discretion and accountability in Turkey
260 _c2013
300 _ap.125-142.
362 _aMay
650 _aAccountability - Turkey
650 _aLocal government - Turkey
650 _aLocal government
700 _aGuner, Ayse
773 _aPublic Administration and Development
908 _aN
909 _a99049
999 _c99048
_d99048